000 00478nam a22001817a 4500
003 NUST - PNEC
005 20170116181027.0
008 150917b xxu||||| |||| 00| 0 eng d
020 _a0070991820
040 _cLIBRARY
082 _a001.64 THO
100 _910870
_a Thomas, Rebecca
245 _aA user guide to the UNIX system
_cRebecca Thomas
250 _a2nd ed.
260 _cc 1985
650 _916757
_aUNIX (Computer file) Computer Science
_xMIS
942 _2ddc
_cBK
999 _c67594
_d67594